Nommez un animal valide de A à Z - Statistiques

Statistiques générales
  • Ce quiz a été pris 240 fois
  • Le résultat moyen est 20 sur 26
Statistiques - réponses
HintP Réponse % Correct
C cabiai | caïman | canard | caribou | castor |chat | chauve-souris | cheval | chèvre | chimpanzé | cigogne | cobra | cochon | colibri | corbeau | crabe | crevette | crocodile | chien
99%
A aigle | albatros | alligator | alpaga | anaconda | antilope | araignée | axolotl | anguille |âne
96%
L lion | loup | lapin | léopard | lama | lynx | loutre | langouste | lézard | loriquet
96%
G gazelle | geai | gecko | girafe | gorille | grenouille | grizzly | guépard | guêpe
95%
D daim | dauphin | dinde | dingo | dinosaure | doryphore | dragon de Komodo | dromadaire | dindon
94%
E écureuil | éléphant | émeu | épagneul | épervier | éponge | escargot | esturgeon
93%
H hamster | hérisson | hippopotame | hibou | hareng | homard | hyène | héron | holothurie | huppe | huitre
92%
K kangourou | koala | kiwi | krill | koudou | kinquokka | kajou | kagu | katydide | kéa | kob
92%
B babouin | baleine | barracuda | bison | blaireau | blatte | boa | bonobo | bousier | buffle | beluga
90%
J jaguar | jar | jabiru | jaseur | jument | jaguarondi | jean-le-blanc | jaco | jird | jenny
89%
P panda | panthère | poule | perroquet | phacochère | pingouin | puma | paon | porc-épic | pieuvre
85%
O ours | oie | orang-outan | orque | otarie | opossum | okapi | ocelot | omble | orvet
84%
R rat | renard | rhinocéros | requin | rouge-gorge | ragondin | raie | roussette | raton laveur | renne
84%
S singe | serpent | sanglier | saumon | scorpion | suricate | sangsue | silure | sauterelle | sterne
84%
Z zèbre | zébu | zibeline | zygène | zorille | zosterops | zander | zenaida | zooplancton | zygoptera
84%
T tigre | tortue | taureau | thon | tapir | tarentule | toucan | truite | tarsier | termite
81%
F faucon | fourmi | flamant rose | furet | faisan | phoque | frelon | fouine | fennec | frégate
80%
M mouton | mouche | marmotte | méduse | manchot | morse | mulot | mouette | mangouste | macaque
80%
V vache | vautour | vipère | veau | varan | vison | vigogne | vanneau | ver de terre | volvox
79%
I iguane | ibis | impala | insecte | iule | isopode | indri | iule géant | ichneumon | irbis
75%
W wallaby | wombat | wapiti | weka | weta | whippet | wolf (loup) | wolverine | wallaroo | woodlouse
63%
N narval | nandou | naja | nase | nécrophage | néon | noctule | notou | numbat | nyala
58%
Y yack | yéti | yorkshire | yponomeute | yuhina | yacare | yaguarundi | yunnanilus | yarkand hare | yellowtail
56%
Q quokka | quetzal | quiscale | quadrupède | quahog | quoll | quagga | quetzalcoatlus | quiscale bronzé | quiscale noir
31%
U urubu | urial | uakari | unau | urocyon | uromastyx | uranoscope | urial d’Asie | uroplatus | uria
21%
X xérus | xénope | xipho | xiphias (espadon) | xantus | xanthie | xiphosure | xénope lisse | xérus rayé | xanthe
13%
Aucun quiz correspondant
Distribution des résultats
% des personnes avec chaque résultat
Percentile par nombre de réponses
Votre historique - résultats
Vous n’avez pas pris ce quiz